| 000 | 00431nam a22001817a 4500 | ||
|---|---|---|---|
| 003 | MPLRDC | ||
| 005 | 20220104144131.0 | ||
| 008 | 210129b ||||| |||| 00| 0 eng d | ||
| 082 | _a857.7 CM v.3016 | ||
| 100 | _a寄秋 | ||
| 245 |
_a逍遥乞夫 _c |
||
| 250 | _a初版 | ||
| 260 |
_a _b立腾出版社 _c2002 |
||
| 300 | _b平 | ||
| 490 | _a缠绵系列. BNAG C3016 | ||
| 650 | _a长篇小说 | ||
| 942 |
_cBK _o857.7 CM v.3016 |
||
| 999 |
_c46683 _d46673 |
||